| 000 | 00951nam a2200289 a 4500 | ||
|---|---|---|---|
| 001 | 000004644 | ||
| 003 | DO-SdBNP | ||
| 005 | 20260408202951.0 | ||
| 008 | 090724s2007 sp a 001 0 spa d | ||
| 020 | _a9788496515352 | ||
| 040 |
_aDO-SdBNP _bspa _cBNPHU |
||
| 082 |
_a363.96 _bF198f |
||
| 245 | 0 | 0 |
_aFamily formation and family dilemmas in contemporary Europe / _ceditor, Gosta Esping-Andersen. |
| 260 |
_aBilbao, España : _bFundación BBVA, _c2007. |
||
| 300 |
_a286 p. : _bil. ; _c25 cm. |
||
| 500 | _aIncluye índice | ||
| 500 | _aIncluye notas al pie de las páginas | ||
| 650 | 4 |
_aControl natalidad _913542 |
|
| 650 | 0 |
_aFertilidad humana _913543 |
|
| 650 | 4 |
_aFamilia _zEuropa _xHistoria _913544 |
|
| 650 | 0 |
_aPolítica familiar _913545 |
|
| 650 | 4 |
_aTamaño de la familia _913546 |
|
| 650 | 0 |
_aDemografía _945443 |
|
| 700 | 1 |
_aEsping-Andersen, Gosta, _eed. _913548 |
|
| 910 | _aValidado. Control de calidad BNPHU | ||
| 942 |
_2ddc _cLBS1 |
||
| 999 |
_c4450 _d4450 |
||